Municipis de la provincia de Lleida (amb mapa) - Statistics

General Stats
  • This quiz has been taken 1.154 times
  • The average score is 77 of 231
Answers on the Map
Answers color-coded by a green-red scale on the quiz's map according to % correct below.
 
Answer Stats
Comarca Municipi % Correct
Segrià Lleida
88%
Noguera Balaguer
83%
Urgell Tàrrega
80%
Pallars Jussà Tremp
80%
Vall d'Aran Vielha e Mijaran
80%
Vall d'Aran Les
79%
Solsonès Solsona
79%
Pallars Sobirà Sort
79%
Garrigues les Borges Blanques
78%
Alt Urgell la Seu d'Urgell
77%
Segarra Cervera
76%
Pla d'Urgell Mollerussa
75%
Alta Ribagorça el Pont de Suert
71%
Segrià Alcarràs
68%
Urgell Agramunt
65%
Pallars Jussà la Pobla de Segur
63%
Segrià Alfarràs
62%
Segarra Guissona
61%
Noguera Ponts
60%
Noguera Artesa de Segre
59%
Alta Ribagorça la Vall de Boí
58%
Segrià Almacelles
55%
Vall d'Aran Naut Aran
55%
Pallars Sobirà Esterri d'Àneu
54%
Urgell Bellpuig
52%
Alt Urgell Oliana
51%
Noguera Os de Balaguer
51%
Segrià Torrefarrera
51%
Segrià Alpicat
50%
Segrià Alguaire
48%
Vall d'Aran Bossòst
48%
Garrigues Juneda
48%
Baixa Cerdanya Bellver de Cerdanya
47%
Noguera Àger
46%
Segrià Aitona
46%
Segrià Artesa de Lleida
46%
Pla d'Urgell Linyola
44%
Noguera Vallfogona de Balaguer
44%
Pallars Sobirà Espot
43%
Alt Urgell Organyà
43%
Pla d'Urgell Bell-lloc d'Urgell
42%
Pallars Sobirà Llavorsí
42%
Segrià Maials
42%
Alta Ribagorça Vilaller
42%
Segrià Alcoletge
41%
Pallars Jussà Isona i Conca Dellà
41%
Pla d'Urgell Ivars d'Urgell
41%
Segrià Almenar
40%
Pallars Sobirà Alt Àneu
40%
Pallars Sobirà la Guingueta d'Àneu
40%
Segrià Puigverd de Lleida
40%
Segrià Rosselló
40%
Segrià Seròs
40%
Segrià Gimenells i el Pla de la Font
39%
Garrigues l'Albi
39%
Segrià Soses
39%
Pallars Jussà Talarn
39%
Pallars Sobirà Alins
38%
Urgell Anglesola
38%
Garrigues Arbeca
38%
Pallars Sobirà Baix Pallars
38%
Pla d'Urgell Golmés
38%
Pallars Sobirà Rialb
38%
Noguera Térmens
38%
Segrià Vilanova de la Barca
38%
Noguera Camarasa
37%
Pla d'Urgell Torregrossa
37%
Alt Urgell Coll de Nargó
36%
Segrià la Granja d'Escarp
36%
Segrià Albatàrrec
35%
Noguera Bellcaire d'Urgell
35%
Pla d'Urgell Bellvís
35%
Segrià els Alamús
35%
Alt Urgell les Valls de Valira
35%
Baixa Cerdanya Lles de Cerdanya
35%
Pla d'Urgell Sidamon
35%
Segrià Torres de Segre
35%
Garrigues Vinaixa
35%
Solsonès Torà
34%
Urgell Verdú
34%
Pallars Jussà Abella de la Conca
33%
Vall d'Aran Canejan
33%
Pla d'Urgell el Palau d'Anglesola
33%
Berguedà Gósol
33%
Solsonès Sant Llorenç de Morunys
33%
Segrià Sarroca de Lleida
33%
Segrià Vilanova de Segrià
33%
Segrià Almatret
32%
Noguera Alòs de Balaguer
32%
Pallars Sobirà Esterri de Cardós
32%
Pallars Sobirà Farrera
32%
Urgell Guimerà
32%
Pallars Jussà la Torre de Cabdella
32%
Pallars Jussà Salàs de Pallars
32%
Urgell Vallbona de les Monges
32%
Pallars Sobirà Vall de Cardós
32%
Urgell Vilagrassa
32%
Pla d'Urgell Vila-sana
32%
Segrià Alfés
31%
Vall d'Aran Bausen
31%
Urgell Ciutadilla
31%
Noguera les Avellanes i Santa Linya
31%
Pallars Sobirà Lladorre
31%
Baixa Cerdanya Montellà i Martinet
31%
Noguera Vilanova de Meià
31%
Segrià Benavent de Segrià
30%
Pla d'Urgell el Poal
30%
Vall d'Aran Es Bòrdes
30%
Noguera Ivars de Noguera
30%
Alt Urgell Josa i Tuixén
30%
Garrigues Juncosa
30%
Noguera la Baronia de Rialb
30%
Segrià Llardecans
30%
Pla d'Urgell Vilanova de Bellpuig
30%
Noguera Albesa
29%
Segrià Corbins
29%
Garrigues la Floresta
29%
Pallars Jussà Llimiana
29%
Pla d'Urgell Miralcamp
29%
Pallars Sobirà Tírvia
29%
Vall d'Aran Vilamòs
29%
Vall d'Aran Arres
28%
Alt Urgell Bassella
28%
Pla d'Urgell Castellnou de Seana
28%
Alt Urgell Cava
28%
Garrigues la Granadella
28%
Urgell Maldà
28%
Alt Urgell Montferrer i Castellbò
28%
Segrià Montoliu de Lleida
28%
Solsonès Odèn
28%
Solsonès Pinós
28%
Baixa Cerdanya Riu de Cerdanya
28%
Segarra Sant Guim de Freixenet
28%
Pallars Jussà Senterada
28%
Pallars Sobirà Soriguera
28%
Noguera Torrelameu
28%
Segrià Torre-serona
28%
Segrià Alcanó
27%
Urgell Castellserà
27%
Pla d'Urgell Fondarella
27%
Baixa Cerdanya Prullans
27%
Alt Urgell Alàs i Cerc
26%
Segrià Aspa
26%
Solsonès Biosca
26%
Garrigues Castelldans
26%
Solsonès la Coma i la Pedra
26%
Pallars Jussà Sarroca de Bellera
26%
Noguera Algerri
25%
Alt Urgell Arsèguel
25%
Noguera Bellmunt d'Urgell
25%
Urgell la Fuliola
25%
Alt Urgell la Vansa i Fórnols
25%
Solsonès Lladurs
25%
Segrià Massalcoreig
25%
Noguera Montgai
25%
Solsonès Olius
25%
Noguera Penelles
25%
Alt Urgell Ribera d'Urgellet
25%
Pallars Jussà Sant Esteve de la Sarga
25%
Segarra Sant Ramon
25%
Segrià Sudanell
25%
Segrià Sunyer
25%
Noguera Castelló de Farfanya
24%
Alt Urgell el Pont de Bar
24%
Garrigues el Soleràs
24%
Urgell Nalec
24%
Garrigues Tarrés
24%
Urgell Belianes
23%
Alt Urgell Cabó
23%
Pallars Jussà Castell de Mur
23%
Urgell els Omells de na Gaia
23%
Solsonès Guixers
23%
Garrigues l'Albagés
23%
Noguera la Sentiu de Sió
23%
Noguera Menàrguens
23%
Urgell Ossó de Sió
23%
Urgell Preixana
23%
Noguera Preixens
23%
Urgell Puigverd d'Agramunt
23%
Urgell Tornabous
23%
Segrià Torrebesses
23%
Garrigues Bovera
22%
Solsonès Clariana de Cardener
22%
Pallars Jussà Conca de Dalt
22%
Segrià la Portella
22%
Alt Urgell les Valls d'Aguilar
22%
Alt Urgell Peramola
22%
Pla d'Urgell Barbens
21%
Noguera Cabanabona
21%
Garrigues Cervià de les Garrigues
21%
Garrigues els Omellons
21%
Garrigues el Vilosell
21%
Alt Urgell Estamariu
21%
Alt Urgell Fígols i Alinyà
21%
Pallars Jussà Gavet de la Conca
21%
Garrigues Granyena de les Garrigues
21%
Solsonès la Molsosa
21%
Segarra Montornès de Segarra
21%
Solsonès Navès
21%
Segarra Tarroja de Segarra
21%
Noguera Vilanova de l'Aguda
21%
Garrigues el Cogul
20%
Segarra Granyena de Segarra
20%
Garrigues la Pobla de Cérvoles
20%
Segarra les Oluges
20%
Solsonès Llobera
20%
Noguera Oliola
20%
Garrigues Puiggròs
20%
Segarra Sanaüja
20%
Segarra Torrefeta i Florejacs
20%
Segarra Estaràs
19%
Noguera Foradada
19%
Segarra Granyanella
19%
Segarra Ivorra
19%
Solsonès Pinell de Solsonès
19%
Segarra Ribera d'Ondara
19%
Solsonès Riner
19%
Noguera Cubells
18%
Garrigues els Torms
18%
Garrigues l'Espluga Calba
18%
Segarra Montoliu de Segarra
18%
Baixa Cerdanya Prats i Sansor
18%
Segarra Sant Guim de la Plana
18%
Noguera Tiurana
18%
Garrigues Bellaguarda
17%
Solsonès Castellar de la Ribera
17%
Segarra els Plans de Sió
17%
Urgell Sant Martí de Riucorb
17%
Segarra Talavera
17%
Garrigues Fulleda
16%
Segarra Massoteres
15%
No matching quizzes found
Score Distribution
Percent of People with Each Score
Percentile by Number Answered
Your Score History
You have not taken this quiz